000 00357nam a2200133Ia 4500
005 20260328104339.0
008 260328s9999||||xx |||||||||||||| ||und||
100 _aVeronesi, Giulia
245 0 _aDifficolta politiche dell“architettura in Italia 1920-1940 /
_cGiulia Veronesi
260 _bMarinotti
300 _a135 p.
650 _aITALIA
942 _cBK
999 _c12020
_d12020